00756nam a2200193Ia 4500008004100000100002300041245011800064245010600182260003900288260000900327300002900336440004300365650002800408650001500436650000900451650001100460999001900471952007200490190511s9999 xx 000 0 und d aWestbrook, Cecilia aFrontoparietal processing of stress-relevant information differs in individuals with a negative cognitive style / cCecilia Westbrook, Elena G. Patsenko, Jeanette A. Mumford, Lyn Y. Abramson and Richard J. Davinson.-- bAmerican Psychological Association c2018 aPages 437-447, July 2018 aJournal of Abnormal Psychologyv127(5) aCognitive vulnerability aDepression afMRI aStress c361840d361840 001040aCLbCLd2019-05-11l0r2019-05-11 00:00:00w2019-05-11ySE